[Event "Niteroi op 4th"]
[Site "Niteroi"]
[Date "2024.08.29"]
[Round "2"]
[White "Hubner, Jessica Trindade"]
[Black "Firmo, Zaihr Goncalves"]
[Result "1-0"]
[WhiteElo "1845"]
[BlackElo "1670"]
[PlyCount "43"]
[EventDate "2024.08.28"]
[EventType "swiss"]
[EventRounds "7"]
[EventCountry "BRA"]
[SourceTitle "CBM 221 Extra"]
[Source "ChessBase"]
[SourceDate "2024.09.30"]
[SourceVersion "1"]
[SourceVersionDate "2024.09.30"]
[SourceQuality "1"]

1. e4 e5 2. Nf3 Nc6 3. Bb5 Nf6 4. 0-0 d6 5. d4 Bd7 6. Re1 a6 7. Bc4 b5 8. Bd5 Nxd5 9. exd5 Ne7 10. dxe5 dxe5 11. Nxe5 g6 12. Qf3 Bf5 13. Nc6 Qd6 14. Bf4 Qc5 15. Nxe7 Bxe7 16. d6 0-0 17. dxe7 Rfe8 18. c3 Rab8 19. Re5 Qc4 20. Rxf5 Rxe7 21. Nd2 Rbe8 22. h3 1-0

[Event "Rio de Janeiro op 3rd"]
[Site "Rio de Janeiro"]
[Date "2024.04.24"]
[Round "4"]
[White "Firmo, Zaihr Goncalves"]
[Black "Lima, Juarez Antonio A de"]
[Result "0-1"]
[WhiteElo "1787"]
[BlackElo "1894"]
[PlyCount "51"]
[EventDate "2024.04.22"]
[EventType "swiss"]
[EventRounds "9"]
[EventCountry "BRA"]
[SourceTitle "CBM 219 Extra"]
[Source "ChessBase"]
[SourceDate "2024.05.31"]
[SourceVersion "1"]
[SourceVersionDate "2024.05.31"]
[SourceQuality "1"]

1. d4 d5 2. c4 e6 3. Nf3 Nf6 4. Nc3 Nc6 5. Bg5 Be7 6. e3 h6 7. Bh4 0-0 8. Bd3 Ne8 9. Bg3 a6 10. 0-0 f5 11. Be5 Bf6 12. cxd5 exd5 13. Bxf6 Nxf6 14. Nh4 Kh7 15. Nxf5 Bxf5 16. Bxf5+ g6 17. Bd3 Rf7 18. h4 h5 19. f4 Ng4 20. Qe1 Ne7 21. e4 dxe4 22. Nxe4 Kg7 23. Ng5 Rf6 24. Ne6+ Rxe6 25. Qxe6 Qxd4+ 26. Kh1 0-1